000 00429nam a2200157Ia 4500
999 _c130
_d130
003 OSt
005 20210826110602.0
008 190216s9999||||xx |||||||||||||| ||und||
040 _coclc
082 _a297
_bHII/H
100 _aNull
245 0 _aHeavenly Blessings Refuting Wahh Abis /
260 _bHiiseyin Hilmi Isik Bin Said,
_aIstanbul:
650 _aArabic
942 _cBK
_2ddc
_h297
_iHII/H
_k297
_mHII/H